Cómo se ofrece y se produce la prueba (Record no. 135854)
[ view plain ]
| 000 -LEADER | |
|---|---|
| fixed length control field | 00515cam a2200169 4500 |
| 005 - DATE AND TIME OF LATEST TRANSACTION | |
| control field | 20251002093837.0 |
| 008 - FIXED-LENGTH DATA ELEMENTS--GENERAL INFORMATION | |
| fixed length control field | 240708b1995 ag ||||| |||| 00| 0 spa d |
| 020 ## - INTERNATIONAL STANDARD BOOK NUMBER | |
| International Standard Book Number | 950200891X |
| 050 04 - LIBRARY OF CONGRESS CALL NUMBER | |
| Classification number | KHA2640 |
| Item number | F35 1995 |
| 100 1# - MAIN ENTRY--PERSONAL NAME | |
| Personal name | Falcón, Enrique M. |
| 245 10 - TITLE STATEMENT | |
| Title | Cómo se ofrece y se produce la prueba |
| Statement of responsibility, etc | / Enrique M. Falcón |
| 250 ## - EDITION STATEMENT | |
| Edition statement | 2a ed. |
| Remainder of edition statement | actualizada |
| 260 ## - PUBLICATION, DISTRIBUTION, ETC. (IMPRINT) | |
| Place of publication, distribution, etc | Buenos Aires : |
| Name of publisher, distributor, etc | Abeledo-Perrot, |
| Date of publication, distribution, etc | 1995 |
| 300 ## - PHYSICAL DESCRIPTION | |
| Extent | 119 p. ; |
| Dimensions | 18 cm. |
| 650 #7 - SUBJECT ADDED ENTRY--TOPICAL TERM | |
| Source of heading or term | lemb |
| Topical term or geographic name as entry element | Prueba (Derecho) |
| General subdivision | Argentina |
| 942 ## - ADDED ENTRY ELEMENTS (KOHA) | |
| Source of classification or shelving scheme | Biblioteca del Cogreso de los Estados Unidos |
| Koha item type | Libro |
| Estado de pérdida | Fuente de clasificación | Estado del daño | No para préstamo | Ubicación permanente | Ubicación actual | Apartado o colección | Fecha de adquisición | Fuente de adquisición | Edición | Área del conocimiento | Clasificación | Código de Barras | Date last seen | Número de copia | Costo por reposición | Tipo de recurso |
|---|---|---|---|---|---|---|---|---|---|---|---|---|---|---|---|---|
| Biblioteca del Cogreso de los Estados Unidos | Biblioteca de la Facultad de Derecho y Ciencias Sociales "Felipe J. Tena" | Biblioteca de la Facultad de Derecho y Ciencias Sociales "Felipe J. Tena" | General | 12/03/2020 | FOMES 2001 | 2a ed. | Ciencias Sociales y Administrativas | KHA2640 F35 1995 | BFD000012303 | 12/03/2020 | 1 | 1.00 | Libro |